[Event "DSJ Weihnachtsturnier U20 2020"]
[Site "https://play.chessbase.com/en/play?room=DSJWeihnachtU20"]
[Date "2020.12.29"]
[Round "5"]
[White "Röste, Hugo"]
[Black "Tahirovic, Denis"]
[Result "0-1"]
[Termination "normal"]
[Board "11.4"]
[WhiteElo "1597"]
[BlackElo "1439"]
[WhiteTeam "TuS Makkabi Rostock"]
[BlackTeam "SC 1868 Bamberg"]
[PlyCount "108"]
[WhiteFideId "16247604"]
[BlackFideId "16258762"]
[EventRounds "7"]
[EventType "team-swiss"]
[EventDate "2020.12.29"]

1. d4 {[%emt 0:00:09]} f5 {[%emt 0:00:03]} 2. c4 {[%emt 0:00:41]} Nf6 {[%emt
0:00:03]} 3. Nc3 {[%emt 0:00:07]} g6 {[%emt 0:00:01]} 4. Bg5 {[%emt 0:00:03]}
Bg7 {[%emt 0:00:01]} 5. e3 {[%emt 0:00:03]} O-O {[%emt 0:00:02]} 6. Nf3 {[%emt
0:00:06]} d6 {[%emt 0:00:04]} 7. Bd3 {[%emt 0:00:05]} Nbd7 {[%emt 0:00:07]} 8.
O-O {[%emt 0:00:07]} h6 {[%emt 0:00:02]} 9. Bxf6 {[%emt 0:00:28]} Nxf6 { [%emt
0:00:00]} 10. Qc2 {[%emt 0:00:07]} Qe8 {[%emt 0:00:11]} 11. a3 {[%emt 0:00:06]}
e5 {[%emt 0:00:02]} 12. dxe5 {[%emt 0:00:24]} dxe5 {[%emt 0:00:00]} 13. Be2
{[%emt 0:00:08]} e4 {[%emt 0:00:16]} 14. Nd4 {[%emt 0:00:02]} c5 {[%emt
0:00:01]} 15. Ndb5 {[%emt 0:00:35]} Qe7 {[%emt 0:00:13]} 16. a4 {[%emt
0:00:12]} a6 {[%emt 0:00:04]} 17. Na3 {[%emt 0:00:04]} Be6 {[%emt 0:00:07]} 18.
Rfd1 { [%emt 0:00:06]} Rad8 {[%emt 0:00:03]} 19. Rxd8 {[%emt 0:00:09]} Rxd8
{[%emt 0:00:00]} 20. Rd1 {[%emt 0:00:02]} g5 {[%emt 0:00:06]} 21. Rd2 {[%emt
0:00:47]} Nd7 {[%emt 0:00:41]} 22. Nd5 {[%emt 0:00:14]} Bxd5 {[%emt 0:00:07]}
23. Rxd5 { [%emt 0:00:05]} Ne5 {[%emt 0:00:18]} 24. Qd2 {[%emt 0:00:25]} Nc6
{[%emt 0:00:50]} 25. b3 {[%emt 0:00:29]} Kf7 {[%emt 0:00:26]} 26. Rxd8 {[%emt
0:00:09]} Qxd8 {[%emt 0:00:04]} 27. Qxd8 {[%emt 0:00:03]} Nxd8 {[%emt 0:00:00]}
28. f3 { [%emt 0:00:16]} Nc6 {[%emt 0:00:18]} 29. Nc2 {[%emt 0:00:20]} Na5
{[%emt 0:00:49]} 30. b4 {[%emt 0:00:06]} cxb4 {[%emt 0:00:11]} 31. Nxb4 {[%emt
0:00:02]} Ke6 {[%emt 0:00:11]} 32. f4 {[%emt 0:01:40]} Kd6 {[%emt 0:00:18]} 33.
Nd5 { [%emt 0:00:04]} b5 {[%emt 0:00:10]} 34. axb5 {[%emt 0:00:12]} axb5 {[%emt
0:00:00]} 35. Nb6 {[%emt 0:00:12]} b4 {[%emt 0:00:10]} 36. Na4 {[%emt 0:00:07]}
b3 { [%emt 0:00:13]} 37. c5+ {[%emt 0:00:11]} Kc6 {[%emt 0:00:05]} 38. Bd1
{[%emt 0:00:06]} Kb5 {[%emt 0:00:16]} 39. Nb6 {[%emt 0:00:07]} Kxc5 {[%emt
0:00:05]} 40. Nd7+ {[%emt 0:00:04]} Kc4 {[%emt 0:00:13]} 41. Ne5+ {[%emt
0:00:07]} Bxe5 { [%emt 0:00:07]} 42. fxe5 {[%emt 0:00:01]} Kd5 {[%emt 0:00:01]}
43. Kf2 { [%emt 0:00:01]} Kxe5 {[%emt 0:00:04]} 44. Ke2 {[%emt 0:00:01]} f4
{[%emt 0:00:07]} 45. exf4+ {[%emt 0:00:09]} gxf4 {[%emt 0:00:00]} 46. Kd2
{[%emt 0:00:03]} Kd4 {[%emt 0:00:21]} 47. h3 {[%emt 0:00:16]} Nc4+ {[%emt
0:00:05]} 48. Ke2 { [%emt 0:00:04]} b2 {[%emt 0:00:04]} 49. Bc2 {[%emt
0:00:02]} Na3 {[%emt 0:00:01]} 50. Kd1 {[%emt 0:00:03]} b1=Q+ {[%emt 0:00:05]}
51. Bxb1 {[%emt 0:00:02]} Nxb1 {[%emt 0:00:00]} 52. Kc2 {[%emt 0:00:03]} f3
{[%emt 0:00:03]} 53. gxf3 { [%emt 0:00:03]} exf3 {[%emt 0:00:00]} 54. Kxb1
{[%emt 0:00:01]} f2 {[%emt 0:00:01]} 0-1

[Event "DSJ Weihnachtsturnier U20 2020"]
[Site "https://play.chessbase.com/en/play?room=DSJWeihnachtU20"]
[Date "2020.12.29"]
[Round "5"]
[White "Boder, Jan"]
[Black "Klühs, Gustaf"]
[Result "1-0"]
[Termination "normal"]
[Board "12.1"]
[WhiteElo "2146"]
[BlackElo "1823"]
[WhiteTeam "SC ML Kastellaun"]
[BlackTeam "SC Borussia Lichtenberg"]
[PlyCount "125"]
[WhiteFideId "16243226"]
[BlackFideId "16228936"]
[EventRounds "7"]
[EventType "team-swiss"]
[EventDate "2020.12.29"]

1. c4 {[%emt 0:00:05]} Nf6 {[%emt 0:00:02]} 2. g3 {[%emt 0:00:19]} g6 {[%emt
0:00:02]} 3. Bg2 {[%emt 0:00:01]} Bg7 {[%emt 0:00:01]} 4. Nc3 {[%emt 0:00:01]}
O-O {[%emt 0:00:01]} 5. e4 {[%emt 0:00:00]} c5 {[%emt 0:00:02]} 6. Nge2 { [%emt
0:00:01]} Nc6 {[%emt 0:00:01]} 7. O-O {[%emt 0:00:01]} d6 {[%emt 0:00:01] } 8.
d3 {[%emt 0:00:00]} Ne8 {[%emt 0:00:01]} 9. Be3 {[%emt 0:00:01]} Nc7 { [%emt
0:00:01]} 10. d4 {[%emt 0:00:01]} cxd4 {[%emt 0:00:03]} 11. Nxd4 { [%emt
0:00:00]} Nxd4 {[%emt 0:00:08]} 12. Bxd4 {[%emt 0:00:00]} Bxd4 {[%emt 0:00:02]}
13. Qxd4 {[%emt 0:00:03]} Ne6 {[%emt 0:00:01]} 14. Qd2 {[%emt 0:00:31]} Bd7
{[%emt 0:00:06]} 15. b3 {[%emt 0:00:14]} Bc6 {[%emt 0:00:03]} 16. Nd5 { [%emt
0:00:08]} Rc8 {[%emt 0:00:53]} 17. Rac1 {[%emt 0:00:05]} a6 {[%emt 0:00:17]}
18. Rfe1 {[%emt 0:00:02]} Bxd5 {[%emt 0:00:19]} 19. exd5 {[%emt 0:00:04]} Nc5
{[%emt 0:00:03]} 20. b4 {[%emt 0:00:04]} Nd7 {[%emt 0:00:02]} 21. Bh3 { [%emt
0:00:04]} Rc7 {[%emt 0:00:05]} 22. Bxd7 {[%emt 0:00:03]} Qxd7 {[%emt 0:00:00]}
23. Re4 {[%emt 0:00:39]} Rfc8 {[%emt 0:00:05]} 24. Rce1 {[%emt 0:00:12] } Qd8
{[%emt 0:00:49]} 25. Qf4 {[%emt 0:00:44]} b6 {[%emt 0:01:39]} 26. h4 { [%emt
0:00:03]} a5 {[%emt 0:00:08]} 27. a3 {[%emt 0:00:11]} Qf8 {[%emt 0:00:08] } 28.
h5 {[%emt 0:00:58]} axb4 {[%emt 0:00:10]} 29. axb4 {[%emt 0:00:02]} Rb7 { [%emt
0:00:04]} 30. hxg6 {[%emt 0:00:29]} hxg6 {[%emt 0:00:06]} 31. Kg2 { [%emt
0:00:42]} Rcc7 {[%emt 0:00:11]} 32. Rh1 {[%emt 0:00:12]} Qg7 {[%emt 0:00:17]}
33. Qe3 {[%emt 0:00:05]} b5 {[%emt 0:00:15]} 34. cxb5 {[%emt 0:00:34]} Qc3
{[%emt 0:00:16]} 35. Qg5 {[%emt 0:01:20]} Qg7 {[%emt 0:00:29]} 36. b6 {[%emt
0:00:11]} Rd7 {[%emt 0:00:45]} 37. Qc1 {[%emt 0:00:16]} Rd8 {[%emt 0:00:37]}
38. Qe3 {[%emt 0:00:51]} Qf6 {[%emt 0:00:10]} 39. Rc4 {[%emt 0:00:51]} Rdb8 {
[%emt 0:00:10]} 40. Rc7 {[%emt 0:00:18]} Qf5 {[%emt 0:00:35]} 41. Qd4 {[%emt
0:00:17]} Qe5 {[%emt 0:00:12]} 42. Qxe5 {[%emt 0:00:25]} dxe5 {[%emt 0:00:00]}
43. Re1 {[%emt 0:00:01]} f6 {[%emt 0:00:12]} 44. f4 {[%emt 0:00:05]} Rxb6 {
[%emt 0:00:12]} 45. fxe5 {[%emt 0:00:03]} Rxb4 {[%emt 0:00:33]} 46. exf6 {
[%emt 0:00:08]} exf6 {[%emt 0:00:39]} 47. Ree7 {[%emt 0:00:01]} Rb2+ {[%emt
0:00:02]} 48. Kh3 {[%emt 0:00:01]} Rd2 {[%emt 0:00:08]} 49. Rg7+ {[%emt
0:00:01]} Kf8 {[%emt 0:00:04]} 50. Rcf7+ {[%emt 0:00:01]} Ke8 {[%emt 0:00:01]}
51. Rxf6 { [%emt 0:00:02]} Rd8 {[%emt 0:00:12]} 52. Rg8+ {[%emt 0:00:06]} Ke7
{[%emt 0:00:01]} 53. Re6+ {[%emt 0:00:01]} Kd7 {[%emt 0:00:04]} 54. Rg7+ {[%emt
0:00:03]} Kc8 {[%emt 0:00:02]} 55. Rc6+ {[%emt 0:00:01]} Kb8 {[%emt 0:00:02]}
56. Rb6+ { [%emt 0:00:03]} Ka8 {[%emt 0:00:02]} 57. Rgxg6 {[%emt 0:00:05]}
R2xd5 {[%emt 0:00:02]} 58. Rh6 {[%emt 0:00:02]} Rg8 {[%emt 0:00:05]} 59. Rbg6
{[%emt 0:00:02]} Rgd8 {[%emt 0:00:02]} 60. Kh4 {[%emt 0:00:02]} Rd4+ {[%emt
0:00:02]} 61. g4 { [%emt 0:00:01]} Rd1 {[%emt 0:00:01]} 62. Rg7 {[%emt
0:00:03]} Rb8 {[%emt 0:00:07]} 63. Ra6# {[%emt 0:00:02]} 1-0

[Event "DSJ Weihnachtsturnier U20 2020"]
[Site "https://play.chessbase.com/en/play?room=DSJWeihnachtU20"]
[Date "2020.12.29"]
[Round "5"]
[White "Kraft, Adrian"]
[Black "Ohler, Julius"]
[Result "0-1"]
[Termination "time forfeit"]
[Board "12.2"]
[WhiteElo "1764"]
[BlackElo "2010"]
[WhiteTeam "SC Borussia Lichtenberg"]
[BlackTeam "SC ML Kastellaun"]
[PlyCount "76"]
[WhiteFideId "16235010"]
[BlackFideId "16238982"]
[EventRounds "7"]
[EventType "team-swiss"]
[EventDate "2020.12.29"]

1. c4 {[%emt 0:00:14]} Nf6 {[%emt 0:00:06]} 2. Nc3 {[%emt 0:00:04]} c5 { [%emt
0:00:02]} 3. g3 {[%emt 0:00:03]} g6 {[%emt 0:00:01]} 4. Bg2 {[%emt 0:00:02]}
Bg7 {[%emt 0:00:01]} 5. Nf3 {[%emt 0:00:01]} O-O {[%emt 0:00:01]} 6. O-O {
[%emt 0:00:02]} Nc6 {[%emt 0:00:02]} 7. a3 {[%emt 0:00:10]} d6 {[%emt 0:00:03]}
8. Rb1 {[%emt 0:00:08]} a5 {[%emt 0:00:02]} 9. d3 {[%emt 0:00:20]} Be6 { [%emt
0:00:18]} 10. e4 {[%emt 0:00:27]} Qd7 {[%emt 0:00:07]} 11. Nd5 {[%emt 0:00:15]}
Ra6 {[%emt 0:00:25]} 12. Ng5 {[%emt 0:00:23]} Bxd5 {[%emt 0:00:04]} 13. exd5
{[%emt 0:00:04]} Nd4 {[%emt 0:00:01]} 14. Be3 {[%emt 0:00:17]} Nf5 { [%emt
0:00:30]} 15. Bh3 {[%emt 0:00:13]} Nxe3 {[%emt 0:00:08]} 16. fxe3 { [%emt
0:00:10]} Qe8 {[%emt 0:00:16]} 17. Qb3 {[%emt 0:00:24]} Qa8 {[%emt 0:00:23]}
18. e4 {[%emt 0:00:40]} h6 {[%emt 0:00:02]} 19. Nf3 {[%emt 0:00:04]} a4 { [%emt
0:00:05]} 20. Qc2 {[%emt 0:00:13]} Ra5 {[%emt 0:00:14]} 21. Rbd1 { [%emt
0:00:12]} b5 {[%emt 0:00:01]} 22. Rfe1 {[%emt 0:00:47]} Qb7 {[%emt 0:00:19]}
23. e5 {[%emt 0:00:07]} dxe5 {[%emt 0:00:04]} 24. Nxe5 {[%emt 0:00:04]} b4
{[%emt 0:00:16]} 25. Nc6 {[%emt 0:00:08]} Raa8 {[%emt 0:00:02]} 26. Rxe7 {
[%emt 0:00:05]} Qb6 {[%emt 0:00:01]} 27. d4 {[%emt 0:01:21]} b3 {[%emt 0:00:10]
} 28. Qe2 {[%emt 0:00:30]} cxd4 {[%emt 0:00:04]} 29. Rxd4 {[%emt 0:00:14]} Nxd5
{[%emt 0:00:15]} 30. cxd5 {[%emt 0:00:04]} Bxd4+ {[%emt 0:00:02]} 31. Kh1 {
[%emt 0:00:09]} Bf6 {[%emt 0:00:05]} 32. Rd7 {[%emt 0:00:10]} Rfe8 {[%emt
0:00:08]} 33. Qf1 {[%emt 0:00:17]} Kg7 {[%emt 0:00:52]} 34. Bg2 {[%emt
0:02:26]} Rac8 {[%emt 0:00:12]} 35. Qd3 {[%emt 0:00:17]} Re1+ {[%emt 0:00:17]}
36. Bf1 { [%emt 0:00:01]} Qf2 {[%emt 0:00:07]} 37. Rxf7+ {[%emt 0:00:03]} Kxf7
{[%emt 0:00:04]} 38. d6 {[%emt 0:00:01]} Rxf1+ {[%emt 0:00:02] TimeW} 0-1

[Event "DSJ Weihnachtsturnier U20 2020"]
[Site "https://play.chessbase.com/en/play?room=DSJWeihnachtU20"]
[Date "2020.12.29"]
[Round "5"]
[White "Michels, Fabio"]
[Black "Wadepfuhl, Jeremy"]
[Result "0-1"]
[Termination "normal"]
[Board "12.3"]
[WhiteElo "1865"]
[BlackElo "1714"]
[WhiteTeam "SC ML Kastellaun"]
[BlackTeam "SC Borussia Lichtenberg"]
[PlyCount "55"]
[WhiteFideId "16223780"]
[BlackFideId "16243471"]
[EventRounds "7"]
[EventType "team-swiss"]
[EventDate "2020.12.29"]

1. c4 {[%emt 0:00:05]} c6 {[%emt 0:00:02]} 2. g3 {[%emt 0:00:03]} d5 {[%emt
0:00:03]} 3. Bg2 {[%emt 0:00:01]} Nf6 {[%emt 0:00:03]} 4. Nf3 {[%emt 0:00:01]}
dxc4 {[%emt 0:00:01]} 5. O-O {[%emt 0:00:02]} Nbd7 {[%emt 0:00:10]} 6. Qc2 {
[%emt 0:00:31]} Nb6 {[%emt 0:00:02]} 7. Na3 {[%emt 0:00:05]} Qd5 {[%emt
0:00:27]} 8. Rd1 {[%emt 0:02:18]} Bf5 {[%emt 0:00:57]} 9. d3 {[%emt 0:00:37]}
cxd3 { [%emt 0:00:05]} 10. exd3 {[%emt 0:00:00]} Bg4 {[%emt 0:01:20]} 11. Nd2 {
[%emt 0:01:33]} Bxd1 {[%emt 0:00:07]} 12. Qxd1 {[%emt 0:00:50]} Qxd3 {[%emt
0:00:16]} 13. Qf3 {[%emt 0:00:50]} Qxf3 {[%emt 0:00:06]} 14. Nxf3 {[%emt
0:00:00] } e6 {[%emt 0:00:09]} 15. Bf4 {[%emt 0:00:16]} Nbd5 {[%emt 0:00:10]}
16. Be5 { [%emt 0:00:50]} O-O-O {[%emt 0:00:04]} 17. Nc4 {[%emt 0:00:13]} Be7
{[%emt 0:00:19]} 18. a4 {[%emt 0:00:05]} Nb6 {[%emt 0:00:15]} 19. Nxb6+ {[%emt
0:00:20]} axb6 {[%emt 0:00:00]} 20. a5 {[%emt 0:00:01]} bxa5 {[%emt 0:00:11]}
21. Rxa5 { [%emt 0:00:00]} Bd6 {[%emt 0:00:04]} 22. Bd4 {[%emt 0:00:07]} Kd7
{[%emt 0:00:28]} 23. Ra7 {[%emt 0:00:09]} Kc7 {[%emt 0:00:21]} 24. Be5 {[%emt
0:01:11]} Rhf8 {[%emt 0:00:51]} 25. Bxf6 {[%emt 0:00:37]} gxf6 {[%emt 0:00:03]}
26. Nd4 { [%emt 0:00:01]} Bc5 {[%emt 0:00:10]} 27. Rxb7+ {[%emt 0:00:04]} Kxb7
{[%emt 0:00:02]} 28. Bxc6+ {[%emt 0:00:02] Kastell1-003 gibt auf} 0-1

[Event "DSJ Weihnachtsturnier U20 2020"]
[Site "https://play.chessbase.com/en/play?room=DSJWeihnachtU20"]
[Date "2020.12.29"]
[Round "5"]
[White "Gillmeister, Gino"]
[Black "Hoffmann, Tom"]
[Result "1-0"]
[Termination "normal"]
[Board "12.4"]
[WhiteElo "1587"]
[BlackElo "1296"]
[WhiteTeam "SC Borussia Lichtenberg"]
[BlackTeam "SC ML Kastellaun"]
[PlyCount "65"]
[WhiteFideId "16224914"]
[BlackFideId "16288726"]
[EventRounds "7"]
[EventType "team-swiss"]
[EventDate "2020.12.29"]

1. b3 {[%emt 0:00:06]} e5 {[%emt 0:00:45]} 2. Bb2 {[%emt 0:00:03]} Nc6 { [%emt
0:00:17]} 3. e3 {[%emt 0:00:01]} d5 {[%emt 0:00:12]} 4. Bb5 {[%emt 0:00:03]}
Bd6 {[%emt 0:00:15]} 5. c4 {[%emt 0:00:03]} Nf6 {[%emt 0:00:28]} 6. Nf3 { [%emt
0:00:08]} Bg4 {[%emt 0:00:32]} 7. h3 {[%emt 0:00:08]} Bxf3 {[%emt 0:00:50]} 8.
Qxf3 {[%emt 0:00:00]} O-O {[%emt 0:00:01]} 9. cxd5 {[%emt 0:00:05]} Nb4 {[%emt
0:00:22]} 10. Na3 {[%emt 0:00:29]} Nbxd5 {[%emt 0:00:28]} 11. O-O { [%emt
0:00:04]} c6 {[%emt 0:00:10]} 12. Bc4 {[%emt 0:00:39]} e4 {[%emt 0:00:14] } 13.
Qd1 {[%emt 0:00:06]} Qe7 {[%emt 0:00:17]} 14. Nc2 {[%emt 0:00:11]} Rac8 { [%emt
0:00:13]} 15. d3 {[%emt 0:00:19]} Be5 {[%emt 0:00:51]} 16. Ba3 {[%emt 0:00:31]}
c5 {[%emt 0:00:28]} 17. d4 {[%emt 0:00:36]} Bd6 {[%emt 0:00:10]} 18. dxc5
{[%emt 0:00:40]} Bxc5 {[%emt 0:00:04]} 19. Bxc5 {[%emt 0:00:24]} Qxc5 { [%emt
0:00:04]} 20. Nd4 {[%emt 0:00:05]} a6 {[%emt 0:00:32]} 21. a4 {[%emt 0:00:08]}
Nc3 {[%emt 0:00:27]} 22. Qd2 {[%emt 0:00:14]} Nxa4 {[%emt 0:00:05]} 23. Rxa4
{[%emt 0:00:11]} b5 {[%emt 0:00:02]} 24. Ne6 {[%emt 0:00:24]} fxe6 { [%emt
0:00:32]} 25. Bxe6+ {[%emt 0:00:03]} Kh8 {[%emt 0:00:01]} 26. Rxa6 { [%emt
0:00:07]} Rcd8 {[%emt 0:00:08]} 27. Qb2 {[%emt 0:00:32]} Rfe8 {[%emt 0:00:13]}
28. Rc1 {[%emt 0:00:09]} Qb4 {[%emt 0:00:22]} 29. Bf5 {[%emt 0:00:08]} Rd2
{[%emt 0:00:11]} 30. Qa1 {[%emt 0:00:12]} Qxb3 {[%emt 0:00:27]} 31. Rxf6 {
[%emt 0:00:37]} gxf6 {[%emt 0:00:31]} 32. Qxf6+ {[%emt 0:00:04]} Kg8 {[%emt
0:00:02]} 33. Rc7 {[%emt 0:00:01] Kastell1-004 gibt auf} 1-0

[Event "DSJ Weihnachtsturnier U20 2020"]
[Site "https://play.chessbase.com/en/play?room=DSJWeihnachtU20"]
[Date "2020.12.29"]
[Round "5"]
[White "Schindler, Tobias"]
[Black "Schön, Florian"]
[Result "1-0"]
[Termination "normal"]
[Board "13.1"]
[WhiteElo "1998"]
[BlackElo "1642"]
[WhiteTeam "SK Kelheim 1920"]
[BlackTeam "VfB Schach Leipzig"]
[PlyCount "93"]
[WhiteFideId "12963585"]
[BlackFideId "16259394"]
[EventRounds "7"]
[EventType "team-swiss"]
[EventDate "2020.12.29"]

1. c4 {[%emt 0:00:00]} c5 {[%emt 0:00:03]} 2. g3 {[%emt 0:00:04]} Nc6 {[%emt
0:00:03]} 3. Bg2 {[%emt 0:00:04]} g6 {[%emt 0:00:01]} 4. Nc3 {[%emt 0:00:03]}
Bg7 {[%emt 0:00:01]} 5. Nf3 {[%emt 0:00:02]} Nf6 {[%emt 0:00:05]} 6. d4 {[%emt
0:00:04]} d6 {[%emt 0:00:21]} 7. dxc5 {[%emt 0:01:08]} dxc5 {[%emt 0:00:04]} 8.
Qxd8+ {[%emt 0:00:00]} Nxd8 {[%emt 0:00:03]} 9. Bf4 {[%emt 0:02:07]} O-O {
[%emt 0:00:09]} 10. O-O {[%emt 0:00:04]} Nc6 {[%emt 0:00:10] VfBLeip1-001
reconnected.} 11. Na4 {[%emt 0:00:58]} Nd7 {[%emt 0:01:53]} 12. Rfd1 {[%emt
0:01:20]} e5 {[%emt 0:01:27]} 13. Be3 {[%emt 0:01:28]} Nd4 {[%emt 0:00:40]} 14.
Bxd4 {[%emt 0:00:52]} cxd4 {[%emt 0:00:05]} 15. e3 {[%emt 0:00:22]} dxe3 {
[%emt 0:00:27]} 16. fxe3 {[%emt 0:00:03]} e4 {[%emt 0:00:45]} 17. Ng5 {[%emt
0:00:32]} f5 {[%emt 0:00:06]} 18. Ne6 {[%emt 0:00:03]} Rf6 {[%emt 0:00:20]} 19.
Nxg7 {[%emt 0:00:03]} Kxg7 {[%emt 0:00:02]} 20. Rd2 {[%emt 0:00:14]} Ne5 {
[%emt 0:00:25]} 21. Rad1 {[%emt 0:00:15]} Nd3 {[%emt 0:00:03]} 22. Bf1 { [%emt
0:00:04]} Ne5 {[%emt 0:00:10]} 23. Be2 {[%emt 0:00:01]} b6 {[%emt 0:00:07]} 24.
Nc3 {[%emt 0:00:04]} Bb7 {[%emt 0:00:03]} 25. b3 {[%emt 0:00:04]} Kf7 {[%emt
0:00:07]} 26. Rd7+ {[%emt 0:00:07]} Nxd7 {[%emt 0:00:07]} 27. Rxd7+ { [%emt
0:00:00]} Ke6 {[%emt 0:00:10]} 28. Rxb7 {[%emt 0:00:02]} Rf7 {[%emt 0:00:01]}
29. Rxf7 {[%emt 0:00:02]} Kxf7 {[%emt 0:00:01]} 30. Nd5 {[%emt 0:00:01]} Rd8
{[%emt 0:00:06]} 31. Kf2 {[%emt 0:00:01] VfBLeip1-001 offers a draw} Ke6 {
[%emt 0:00:04]} 32. Ke1 {[%emt 0:00:06]} Kd6 {[%emt 0:00:02]} 33. Kd2 {[%emt
0:00:01]} Kc5 {[%emt 0:00:01]} 34. Kc3 {[%emt 0:00:01]} a5 {[%emt 0:00:02]} 35.
a3 {[%emt 0:00:01]} g5 {[%emt 0:00:13]} 36. b4+ {[%emt 0:00:05]} axb4+ { [%emt
0:00:02]} 37. axb4+ {[%emt 0:00:00]} Kc6 {[%emt 0:00:01]} 38. Kd4 { [%emt
0:00:04]} h5 {[%emt 0:00:10]} 39. Ke5 {[%emt 0:00:02]} f4 {[%emt 0:00:12] } 40.
gxf4 {[%emt 0:00:02]} gxf4 {[%emt 0:00:01]} 41. Kxf4 {[%emt 0:00:01]} Re8
{[%emt 0:00:02]} 42. Bxh5 {[%emt 0:00:04]} b5 {[%emt 0:00:02]} 43. Bxe8+ {
[%emt 0:00:05]} Kd6 {[%emt 0:00:06]} 44. Bxb5 {[%emt 0:00:00]} Ke6 {[%emt
0:00:02]} 45. Kxe4 {[%emt 0:00:01]} Kd6 {[%emt 0:00:02]} 46. h4 {[%emt
0:00:00]} Ke6 {[%emt 0:00:01]} 47. h5 {[%emt 0:00:00]} 1-0

[Event "DSJ Weihnachtsturnier U20 2020"]
[Site "https://play.chessbase.com/en/play?room=DSJWeihnachtU20"]
[Date "2020.12.29"]
[Round "5"]
[White "Feilhauer, Janick"]
[Black "Huber, Benedikt"]
[Result "0-1"]
[Termination "normal"]
[Board "13.2"]
[WhiteElo "1488"]
[BlackElo "1613"]
[WhiteTeam "VfB Schach Leipzig"]
[BlackTeam "SK Kelheim 1920"]
[PlyCount "22"]
[WhiteFideId "16266358"]
[BlackFideId "16281225"]
[EventRounds "7"]
[EventType "team-swiss"]
[EventDate "2020.12.29"]

1. d4 {[%emt 0:01:09]} d5 {[%emt 0:00:01]} 2. c4 { [%emt 0:00:04]} c6 {[%emt
0:00:02]} 3. Nc3 {[%emt 0:00:03]} Nf6 {[%emt 0:00:01] } 4. Nf3 {[%emt 0:00:04]}
e6 {[%emt 0:00:02]} 5. Bg5 {[%emt 0:00:09]} h6 { [%emt 0:00:03]} 6. Bh4 {[%emt
0:00:02]} g5 {[%emt 0:00:02]} 7. Bg3 {[%emt 0:00:01]} dxc4 {[%emt 0:00:01]} 8.
e3 {[%emt 0:00:03]} b5 {[%emt 0:00:02]} 9. a4 { [%emt 0:00:06]} b4 {[%emt
0:00:57]} 10. Na2 {[%emt 0:00:02]} Qd5 {[%emt 0:00:07]} 11. Nxb4 {[%emt
0:00:07]} Bxb4+ {[%emt 0:00:05]} 0-1

[Event "DSJ Weihnachtsturnier U20 2020"]
[Site "https://play.chessbase.com/en/play?room=DSJWeihnachtU20"]
[Date "2020.12.29"]
[Round "5"]
[White "Gold, Florian"]
[Black "Englert, Luca"]
[Result "1-0"]
[Termination "normal"]
[Board "13.3"]
[WhiteElo "1769"]
[BlackElo "1563"]
[WhiteTeam "SK Kelheim 1920"]
[BlackTeam "VfB Schach Leipzig"]
[PlyCount "75"]
[WhiteFideId "16220536"]
[BlackFideId "16293088"]
[EventRounds "7"]
[EventType "team-swiss"]
[EventDate "2020.12.29"]

1. e4 {[%emt 0:00:00] VfBLeip1-003 reconnected.} d6 {[%emt 0:01:01]} 2. Nc3 {
[%emt 0:00:04]} Nf6 {[%emt 0:00:02]} 3. g3 {[%emt 0:00:04]} g6 {[%emt 0:00:01]}
4. Bg2 {[%emt 0:00:01]} e5 {[%emt 0:00:01]} 5. d3 {[%emt 0:00:02]} Bg7 { [%emt
0:00:02]} 6. h3 {[%emt 0:00:03]} Nbd7 {[%emt 0:00:08]} 7. f4 {[%emt 0:00:04]}
a6 {[%emt 0:00:07]} 8. Be3 {[%emt 0:00:01]} b5 {[%emt 0:00:02]} 9. Qd2 { [%emt
0:00:03]} c5 {[%emt 0:00:03]} 10. f5 {[%emt 0:00:12]} Nb6 {[%emt 0:00:06] } 11.
g4 {[%emt 0:00:02]} b4 {[%emt 0:00:08]} 12. Nce2 {[%emt 0:00:01]} a5 { [%emt
0:00:03]} 13. Nf3 {[%emt 0:00:02]} a4 {[%emt 0:00:02]} 14. O-O {[%emt 0:00:09]}
O-O {[%emt 0:00:06]} 15. g5 {[%emt 0:00:23]} Nfd7 {[%emt 0:00:42]} 16. f6
{[%emt 0:00:01]} Bh8 {[%emt 0:00:01]} 17. Nh2 {[%emt 0:00:03]} Nb8 {[%emt
0:00:15]} 18. Bf3 {[%emt 0:00:07]} Nc6 {[%emt 0:00:02]} 19. Bg4 {[%emt
0:00:02]} Nd7 {[%emt 0:00:10]} 20. Ng3 {[%emt 0:00:44]} Re8 {[%emt 0:00:21]}
21. Qe2 { [%emt 0:00:11]} Nd4 {[%emt 0:00:06]} 22. Qd1 {[%emt 0:00:05]} Nb6
{[%emt 0:00:37]} 23. c3 {[%emt 0:00:09]} Bxg4 {[%emt 0:00:09]} 24. Nxg4 {[%emt
0:00:04]} Ne6 {[%emt 0:00:02]} 25. h4 {[%emt 0:01:00]} Ra7 {[%emt 0:01:49]} 26.
cxb4 { [%emt 0:00:26]} cxb4 {[%emt 0:00:02]} 27. Qd2 {[%emt 0:00:03]} Nc5
{[%emt 0:00:22]} 28. Qxb4 {[%emt 0:00:19]} Nbd7 {[%emt 0:00:18]} 29. Qc4 {[%emt
0:00:18]} Nb6 {[%emt 0:00:07]} 30. Qb4 {[%emt 0:00:30]} Nbd7 {[%emt 0:00:34]}
31. Qd2 { [%emt 0:00:04]} Rb7 {[%emt 0:00:12]} 32. Rac1 {[%emt 0:00:27]} Qb6
{[%emt 0:00:06]} 33. Rc2 {[%emt 0:00:11]} Qb5 {[%emt 0:00:04]} 34. Rfc1 {[%emt
0:01:02]} Nxd3 {[%emt 0:00:12]} 35. Rd1 {[%emt 0:00:47]} Nxb2 {[%emt 0:00:33]}
36. Nh6+ { [%emt 0:00:03]} Kf8 {[%emt 0:00:02]} 37. Qxd6+ {[%emt 0:00:01]} Re7
{[%emt 0:00:02]} 38. Qxe7# {[%emt 0:00:01]} 1-0